000
00314nam a2200133Ia 4500
008
210210b1971 xxu||||| |||| 00| 0 eng d
082
_a
158 MAUA
100
_a
MAUROIS (Andre).
245
_a
Art of living.
260
_a
Bombay
_b
D B Sons
_c
1971
300
_a
176
690
_a
Applied Psychology
906
_a
030202
999
_c
81389
_d
81389